000 01668nam a2200193 a 4500
020 _a9056990047 (paperback)
020 _a9789056990046 (paperback)
100 1 _aPfafflin, James R.
245 1 4 _aThe dictionary of environmental science and engineering /
250 _a0th ed.
260 _a[S.l.] :
_bRoutledge,
_c1996.
300 _a192 p. ;
490 1 _aRoutledge dictionaries.
520 _aEnvironmental science and engineering is a truly interdisciplinary field. From its origins in public health practice, concern for the well-being of our environment has embraced areas as diverse as chemistry, the earth sciences, biology, engineering and law. The specialist language of any discipline can be a barrier to co-operation and understanding in solving environmental problems. The Dictionary of Environmental Science and Engineering explains many important specialist environmental terms in a clear and concise way. It also provides an extensive guide to the many acronyms encountered in environmental science. The Dictionary of Environmental Science and Engineering will be a valuable reference tool for anyone working, whether directly or indirectly, with the environment. The dictionary describes many of the acts, organisations and requirements related to the legislation of the environment, giving particular emphasis to those of the United States of America. Thus, it will be particularly useful to those seeking a greater understanding of the US perspective on the environmental question.
700 1 _aZiegler, Edward N.
700 1 _aLynch, Joseph M.
856 4 0 _uhttp://www.amazon.com/exec/obidos/ASIN/9056990047/chopaconline-20
942 _cBK
999 _c11262
_d11262